<?xml version="1.0" encoding="UTF-8"?>
<record
    xmlns:xsi="http://www.w3.org/2001/XMLSchema-instance"
    xsi:schemaLocation="http://www.loc.gov/MARC21/slim http://www.loc.gov/standards/marcxml/schema/MARC21slim.xsd"
    xmlns="http://www.loc.gov/MARC21/slim">

  <leader>01473namaa22003251i 4500</leader>
  <controlfield tag="005">20260328132853.0</controlfield>
  <controlfield tag="008">260208s1997    ua a|||frm||| 000 0 eng d</controlfield>
  <datafield tag="040" ind1=" " ind2=" ">
    <subfield code="a">EG-GICUC</subfield>
    <subfield code="b">eng</subfield>
    <subfield code="c">EG-GICUC</subfield>
    <subfield code="d">EG-GICUC</subfield>
    <subfield code="e">rda</subfield>
  </datafield>
  <datafield tag="041" ind1="0" ind2=" ">
    <subfield code="a">eng</subfield>
    <subfield code="b">eng</subfield>
    <subfield code="b">ara</subfield>
  </datafield>
  <datafield tag="049" ind1=" " ind2=" ">
    <subfield code="a">Deposit</subfield>
  </datafield>
  <datafield tag="097" ind1=" " ind2=" ">
    <subfield code="a">M.Sc</subfield>
  </datafield>
  <datafield tag="099" ind1=" " ind2=" ">
    <subfield code="a">Cai01.12.21.M.Sc.1997.Ra.S.</subfield>
  </datafield>
  <datafield tag="100" ind1="0" ind2=" ">
    <subfield code="a">Rabab Sayed Mohamed Zalat, </subfield>
    <subfield code="e">preparation.</subfield>
  </datafield>
  <datafield tag="245" ind1="1" ind2="0">
    <subfield code="a">Study On Mixed Infection With Schistosoma Mansoni And Schistosoma Haematobium In Hamsters / </subfield>
    <subfield code="c">By Rabab Sayed Mohamed Zalat; Supervision Committee Prof.Dr. Faiza M. EL-Assal, Prof.Dr. Hussein M. EL-Nahal, Dr. Manal F. EL-Garhy.</subfield>
  </datafield>
  <datafield tag="246" ind1="1" ind2="5">
    <subfield code="a">&#x62F;&#x631;&#x627;&#x633;&#x629; &#x62A;&#x623;&#x62B;&#x64A;&#x631; &#x627;&#x644;&#x639;&#x62F;&#x648;&#x649; &#x627;&#x644;&#x645;&#x632;&#x62F;&#x648;&#x62C;&#x629; &#x644;&#x628;&#x644;&#x647;&#x627;&#x631;&#x633;&#x64A;&#x627; &#x627;&#x644;&#x645;&#x633;&#x62A;&#x642;&#x64A;&#x645; &#x648;&#x628;&#x644;&#x647;&#x627;&#x631;&#x633;&#x64A;&#x627; &#x627;&#x644;&#x645;&#x633;&#x627;&#x644;&#x643; &#x627;&#x644;&#x628;&#x648;&#x644;&#x64A;&#x629; &#x641;&#x64A; &#x627;&#x644;&#x647;&#x627;&#x645;&#x633;&#x62A;&#x631; </subfield>
  </datafield>
  <datafield tag="264" ind1=" " ind2="0">
    <subfield code="c">1997.</subfield>
  </datafield>
  <datafield tag="300" ind1=" " ind2=" ">
    <subfield code="a">91 Leaves : </subfield>
    <subfield code="b">illustrations ; </subfield>
    <subfield code="c">30 cm. + </subfield>
  </datafield>
  <datafield tag="336" ind1=" " ind2=" ">
    <subfield code="2">rda content</subfield>
    <subfield code="a">text</subfield>
  </datafield>
  <datafield tag="337" ind1=" " ind2=" ">
    <subfield code="2">rdamedia</subfield>
    <subfield code="a">Unmediated</subfield>
  </datafield>
  <datafield tag="338" ind1=" " ind2=" ">
    <subfield code="2">rdacarrier</subfield>
    <subfield code="a">volume</subfield>
  </datafield>
  <datafield tag="502" ind1=" " ind2=" ">
    <subfield code="a">Thesis (M.Sc.) -Cairo University, 1997.  </subfield>
  </datafield>
  <datafield tag="504" ind1=" " ind2=" ">
    <subfield code="a">Bibliography: pages 78-91. </subfield>
  </datafield>
  <datafield tag="653" ind1=" " ind2="0">
    <subfield code="a">Zoology </subfield>
  </datafield>
  <datafield tag="700" ind1="0" ind2=" ">
    <subfield code="a">Faiza M. EL-Assal</subfield>
    <subfield code="e">thesis advisor.</subfield>
  </datafield>
  <datafield tag="700" ind1="0" ind2=" ">
    <subfield code="a">Hussein M. EL-Nahal</subfield>
    <subfield code="e">thesis advisor.</subfield>
  </datafield>
  <datafield tag="700" ind1="0" ind2=" ">
    <subfield code="a">Manal F. EL-Garhy</subfield>
    <subfield code="e">thesis advisor.</subfield>
  </datafield>
  <datafield tag="900" ind1=" " ind2=" ">
    <subfield code="D">Department of Zoology </subfield>
    <subfield code="F">Faculty of Science </subfield>
    <subfield code="U">Cairo University</subfield>
    <subfield code="b">1997</subfield>
    <subfield code="c">Faiza M. EL-Assal</subfield>
    <subfield code="c">Hussein M. EL-Nahal</subfield>
    <subfield code="c">Manal F. EL-Garhy</subfield>
  </datafield>
  <datafield tag="905" ind1=" " ind2=" ">
    <subfield code="a">Eman El gebaly </subfield>
    <subfield code="e">Nourhan</subfield>
  </datafield>
  <datafield tag="942" ind1=" " ind2=" ">
    <subfield code="2">ddc</subfield>
    <subfield code="c">TH</subfield>
    <subfield code="e">21</subfield>
    <subfield code="n">0</subfield>
  </datafield>
  <datafield tag="999" ind1=" " ind2=" ">
    <subfield code="c">178246</subfield>
  </datafield>
  <datafield tag="952" ind1=" " ind2=" ">
    <subfield code="2">ddc</subfield>
    <subfield code="9">314501</subfield>
    <subfield code="a">CUCL</subfield>
    <subfield code="b">100</subfield>
    <subfield code="d">2026-02-08</subfield>
    <subfield code="i">30718</subfield>
    <subfield code="o">Cai01.12.21.M.Sc.1997.Ra.S.</subfield>
    <subfield code="p">01010110030718000</subfield>
    <subfield code="r">2026-02-08 11:15:00</subfield>
    <subfield code="w">2026-02-08</subfield>
    <subfield code="y">TH</subfield>
  </datafield>
</record>
